Métro de Lyon et Féniculaire - Statistiques

Statistiques générales
  • Ce quiz a été pris 74 fois
    43 depuis la dernière actualisation
  • Le résultat moyen est 35 sur 51
Statistiques - réponses
Ligne+Correspondances Station % Correct
Métro A,T1,T2,Gare SNCF Perrache
97%
Métro A, Métro D Bellecour
94%
Métro D, Métro A Bellecour
94%
Métro A Cordeliers
85%
Métro A Ampère Victor Hugo
82%
Métro A,Métro C Hôtel de Ville Louis Pradel
82%
Métro C Croix-Rousse
79%
Métro A Foch
79%
Métro A Masséna
79%
Métro D,Gare SNCF Gare de Vaise
76%
Métro C,Métro A Hôtel de Ville Louis Pradel
76%
Métro B , Métro D Saxe Gambetta
76%
Métro D,Métro B Saxe-Gambetta
76%
Métro B, T1,T3,T4,Rhônexpress,Gare SNCF Gare Part Dieu
73%
Métro D Garibaldi
73%
Métro B,T2,Gare SNCF Jean Macé
73%
Métro B Brotteaux
70%
Métro C Croix-Paquet
70%
Métro C Cuire
70%
F2 Fourvière
70%
Métro B, Gare SNCF Gare d'Oullins
70%
Métro D,Gare SNCF Gorge de Loup
70%
Métro A Gratte Ciel
70%
Métro A République-Villeurbanne
70%
Métro A,T3,T7,Rhônexpress,Ligne 100 Eurexpo Vaulx en Velin la Soie
70%
Métro D, Féniculaire Vieux Lyon
70%
F1,F2,Métro D Vieux Lyon
70%
F1,F2,Métro D Vieux Lyon
70%
Métro A,Métro B,T1,T4 Charpennes Charles Hernu
67%
Métro A Cusset
67%
Métro D,Gare SNCF Gare de Vénissieux
67%
Métro C Hénon
67%
Métro B,Métro A,T1,T4 Charpennes Charles Hernu
64%
Métro B,T1,T6 Debourg
64%
Métro D,T2,T5 Grange Blanche
64%
Métro B (2023) Oullins Centre
64%
Métro D Parilly
64%
F1 Saint Just
64%
Métro B Stade de Gerland
64%
Métro D Valmy
64%
Métro D,T6 Mermoz Pinel
61%
Métro B (2023) Saint Genis Laval
61%
Métro D Sans Souci
61%
Métro D,T1 Guillotière Gabriel Péri
58%
Métro D Laennec
58%
Métro D Monplaisir-Lumière
55%
Métro B,T1 à ( Palais de Justice Mairie du 3eme) Place Guichard Bourse du Travail
55%
Métro A Laurent Bonnevay-Astroballe
52%
Métro B Place Jean Jaurès
52%
Métro A Flachet-Alain Gilles
42%
F1 Minimes-Théâtres Romains
42%
Aucun quiz correspondant
Distribution des résultats
% des personnes avec chaque résultat
Percentile par nombre de réponses
Votre historique - résultats
Vous n’avez pas pris ce quiz depuis la dernière actualisation